Liečba močom urinoterapia

Bibliographic Details
Main Author: Bošňáková, Monika (Author)
Format: Article
Language:Slovak
PhysicalDescription:Fotogr.
ISSN:1335-9134
Subjects:

MARC

LEADER 00000nab a2200000 a 4500
001 vtls000842473
003 SK-MaSNL
005 20260302165413.0
008 160324c2003 xo 0 slo
015 |a SNBRB2003/08-22574 
035 |a CLN000194128 
040 |a SNKBUCL  |b slo  |c SNKBUCL  |e AACR2 
041 0 |a slo 
044 |a xo  |c SK 
080 |a 615.36:616-008.846.1  |2 1997 
080 |a 616-008.846.1  |2 1997 
100 1 |a Bošňáková, Monika  |4 aut  |9 742581 
245 1 0 |a Liečba močom  |b urinoterapia  |c Monika Bošňáková 
300 |b Fotogr. 
650 0 7 |a moč  |x urinoterapia  |2 snkbucl  |9 869939 
655 7 |a články z novín a časopisov  |2 snkbucl  |9 267496 
773 0 |x 1335-9134  |t Vitalita  |g Č. 7 (2003), s. 30-31 
850 |a Slovenská národná knižnica v Martine 
852 |a SNK  |b KIS3GCP 
958 |a MI 
958 |a RBX 
999 |c 1389896  |d 1391826